El antonianismo en África y en América /
Guardat en:
| Autor principal: | |
|---|---|
| Format: | Llibre |
| Idioma: | Spanish |
| Accés en línia: | texto completo desde el sitio de la revista |
| Etiquetes: |
Afegir etiqueta
Sense etiquetes, Sigues el primer a etiquetar aquest registre!
|
MARC
| LEADER | 00000nam a22000007a 4500 | ||
|---|---|---|---|
| 003 | cru CIDCACS/IIS | ||
| 005 | 20191023144617.0 | ||
| 007 | ta | ||
| 008 | 191023s2013 cu |||p|r|||| 00| ||spa|d | ||
| 999 | |c 42526 |d 42526 | ||
| 040 | |c cru CIDCACS/IIS | ||
| 100 | 1 | |9 8731 |a González, David | |
| 245 | 1 | 4 | |a El antonianismo en África y en América / |c David González |
| 300 | |a páginas 74-102: |b mapa, fotos, ilustraciones | ||
| 773 | 0 | |0 41970 |9 3141 |a Centro Memorial Dr. Martin Luther King, Jr |d La Habana, Cuba: Centro Memorial Dr. Martin Luther King, Jr, |o 17762 |t Caminos: |x 10257733 | |
| 856 | |u https://revista.ecaminos.org/article/el-antonianismo-en-africa-y-en-america/ |y texto completo desde el sitio de la revista | ||
| 942 | |2 ddc |c PP | ||
